Malaysian advertising directory 2012.
| Format: | Book |
|---|---|
| Published: |
Kuala Lumpur:
Sledgehammer Communications,
2012.
|
| Edition: | 17th ed. |
| Subjects: |
| LEADER | 00549cam a2200169 7i4500 | ||
|---|---|---|---|
| 001 | 0000028319 | ||
| 005 | 20120925090000.0 | ||
| 022 | 0 | 0 | |a 13943898 |
| 090 | 0 | 0 | |a M 659.109595025 |b MAL |
| 245 | 0 | 0 | |a Malaysian advertising directory 2012. |
| 250 | 0 | 0 | |a 17th ed. |
| 260 | 0 | 0 | |a Kuala Lumpur: |b Sledgehammer Communications, |c 2012. |
| 300 | # | # | |a 429 p. |
| 650 | 0 | 0 | |a Advertising -- |x Directories -- |z Malaysia |
| 651 | 0 | 0 | |a Malaysia |
| 999 | |a 0000032823 |b Directories |c Malaysia |e Business Information Centre | ||
| 999 | |a 0000030728 |b Book |c Malaysia |e Business Information Centre | ||